STRATEGY SYNTHESIS RESOLVING STRATEGY PA (Record no. 19154)
[ view plain ]
| 000 -LEADER | |
|---|---|
| fixed length control field | 00363nam a2200145Ia 4500 |
| 008 - FIXED-LENGTH DATA ELEMENTS--GENERAL INFORMATION | |
| fixed length control field | 240624s9999 xx 000 0 und d |
| 041 ## - LANGUAGE CODE | |
| Language code of text/sound track or separate title | eng |
| 082 ## - DEWEY DECIMAL CLASSIFICATION NUMBER | |
| Classification number | 658.4012 WIT |
| 100 ## - MAIN ENTRY--PERSONAL NAME | |
| Personal name | WIT BOB DE |
| 245 ## - TITLE STATEMENT | |
| Title | STRATEGY SYNTHESIS RESOLVING STRATEGY PA |
| 250 ## - EDITION STATEMENT | |
| Edition statement | (3rd ed.) |
| 260 ## - PUBLICATION, DISTRIBUTION, ETC. | |
| Date of publication, distribution, etc. | 2010 |
| Place of publication, distribution, etc. | EMEA,2010 |
| 300 ## - PHYSICAL DESCRIPTION | |
| Extent | xxii, : 490 : p. : cm ; 21 |
| 365 ## - TRADE PRICE | |
| Currency code | |
| Price amount | 25 |
| Withdrawn status | Lost status | Damaged status | Not for loan | Home library | Current library | Shelving location | Date acquired | Source of acquisition | Cost, normal purchase price | Full call number | Barcode | Date last seen | Copy number | Price effective from | Koha item type |
|---|---|---|---|---|---|---|---|---|---|---|---|---|---|---|---|
| IMTN | IMTN | Rack 27-B | 06/22/2012 | AP | 83.25 | 658.4012 WIT | 19154 | 06/24/2024 | 56.4 | 06/24/2024 | Books |